Mathematical reasoning for elementary teachers. (Record no. 250874)
[ view plain ]
| 000 -LEADER | |
|---|---|
| fixed length control field | 01225cam a2200349 a 4500 |
| 001 - CONTROL NUMBER | |
| control field | 14765068 |
| 003 - CONTROL NUMBER IDENTIFIER | |
| control field | OSt |
| 005 - DATE AND TIME OF LATEST TRANSACTION | |
| control field | 20241126100735.0 |
| 008 - FIXED-LENGTH DATA ELEMENTS--GENERAL INFORMATION | |
| fixed length control field | 070312s2009 maua b 001 0 eng |
| 010 ## - LIBRARY OF CONGRESS CONTROL NUMBER | |
| LC control number | 2007060149 |
| 015 ## - NATIONAL BIBLIOGRAPHY NUMBER | |
| National bibliography number | GBA790526 |
| Source | bnb |
| 016 7# - NATIONAL BIBLIOGRAPHIC AGENCY CONTROL NUMBER | |
| Record control number | 014276032 |
| Source | Uk |
| 020 ## - INTERNATIONAL STANDARD BOOK NUMBER | |
| International Standard Book Number | 9780321460844 |
| International Standard Book Number | 0321460847 |
| 035 ## - SYSTEM CONTROL NUMBER | |
| System control number | (OCoLC)ocm86110123 |
| System control number | (OCoLC)86110123 |
| 040 ## - CATALOGING SOURCE | |
| Original cataloging agency | DLC |
| Transcribing agency | DLC |
| Modifying agency | BTCTA |
| -- | BAKER |
| -- | C#P |
| -- | YDXCP |
| -- | BWX |
| -- | UKM |
| -- | DLC |
| 050 00 - LIBRARY OF CONGRESS CALL NUMBER | |
| Classification number | QA135.6 |
| Item number | .L66 2009 |
| 082 00 - DEWEY DECIMAL CLASSIFICATION NUMBER | |
| Classification number | 510 |
| Edition number | 22 |
| 100 1# - MAIN ENTRY--PERSONAL NAME | |
| Personal name | Long, Calvin T. |
| 245 10 - TITLE STATEMENT | |
| Title | Mathematical reasoning for elementary teachers. |
| 250 ## - EDITION STATEMENT | |
| Edition statement | 5th ed. / |
| Remainder of edition statement | Calvin T. Long, Duane W. DeTemple, Richard S. Millman. |
| 260 ## - PUBLICATION, DISTRIBUTION, ETC. (IMPRINT) | |
| Place of publication, distribution, etc | Boston : |
| Name of publisher, distributor, etc | Pearson Addison Wesley, |
| Date of publication, distribution, etc | c2009. |
| 300 ## - PHYSICAL DESCRIPTION | |
| Extent | 1 v. (various pagings) : |
| Other physical details | ill. (chiefly col.) ; |
| Dimensions | 27 cm. |
| 504 ## - BIBLIOGRAPHY, ETC. NOTE | |
| Bibliography, etc | Includes bibliographical references and index. |
| 650 #0 - SUBJECT ADDED ENTRY--TOPICAL TERM | |
| Topical term or geographic name as entry element | Mathematics |
| General subdivision | Study and teaching (Elementary) |
| 700 1# - ADDED ENTRY--PERSONAL NAME | |
| Personal name | DeTemple, Duane W. |
| Personal name | Millman, Richard S., |
| Dates associated with a name | 1945- |
| 906 ## - LOCAL DATA ELEMENT F, LDF (RLIN) | |
| a | 7 |
| b | cbc |
| c | orignew |
| d | 1 |
| e | ocip |
| f | 20 |
| g | y-gencatlg |
| 942 ## - ADDED ENTRY ELEMENTS (KOHA) | |
| Source of classification or shelving scheme | Library of Congress Classification |
| Koha item type | Long Loan Books |
| Withdrawn status | Lost status | Source of classification or shelving scheme | Damaged status | Not for loan | Collection code | Home library | Current library | Shelving location | Date acquired | Total Checkouts | Full call number | Barcode | Date last seen | Price effective from | Koha item type | Checked out | Date checked out |
|---|---|---|---|---|---|---|---|---|---|---|---|---|---|---|---|---|---|
| Library of Congress Classification | Non-fiction | Rongo University Library | Rongo University Library | General Stacks | 27/06/2018 | QA135.6 .L66 2009 | 2018009966 | 27/06/2018 | 27/06/2018 | Long Loan Books | |||||||
| Library of Congress Classification | Non-fiction | Rongo University Library | Sori Campus | General Stacks | 27/06/2018 | 2 | QA135.6.L66 2007 | 201800966 | 24/06/2025 | 27/06/2018 | Long Loan Books | 01/07/2026 | 24/06/2025 |
